[Event "Calle rapid op"]
[Site "Calle"]
[Date "2024.03.10"]
[Round "3"]
[White "Rua Perales, Jean Carlos"]
[Black "Castillo, Samir"]
[Result "1-0"]
[WhiteElo "1667"]
[BlackElo "1826"]
[PlyCount "53"]
[EventDate "2024.03.10"]
[EventType "swiss (rapid)"]
[EventRounds "6"]
[EventCountry "COL"]
[SourceTitle "CB11_2024"]
[SourceDate "2024.03.13"]
[SourceVersion "1"]
[SourceVersionDate "2024.03.13"]
[SourceQuality "1"]

1. e4 e5 2. Nf3 Nc6 3. Bb5 a6 4. Ba4 d6 5. c3 g5 6. h3 Bd7 7. d4 h6 8. Be3 Bg7 9. Nbd2 b5 10. Bc2 Nge7 11. Nf1 Ng6 12. Ng3 Nce7 13. Nh5 0-0 14. Nxg7 Kxg7 15. 0-0 g4 16. hxg4 Bxg4 17. Qd2 Rh8 18. Nh2 h5 19. f4 f5 20. fxe5 fxe4 21. Bg5 Rg8 22. Nxg4 hxg4 23. Bxe4 dxe5 24. Bxa8 Qxa8 25. Bh6+ Kh7 26. Rf7+ Kh8 27. Bg7+ 1-0